| 000 | 01178nam a2200301Ia 4500 | ||
|---|---|---|---|
| 001 | 1392 | ||
| 003 | IT-RoPAU | ||
| 008 | 130308s9999 xx 000 0 und d | ||
| 040 | _aIT-RoPAU | ||
| 040 | _cIT-RoPAU | ||
| 041 | _aITALIANO | ||
| 100 | _aLamera Atanasio Stefano | ||
| 100 | _gCodice Aut. SPICS: 4908 | ||
| 245 | _aBeatificationis et canonizationis servi dei Sac. Timothei Giaccardo vicarii generalis Piae Societatis a Sancto Paulo ap. | ||
| 245 | _bBeatificationis et Canonizationis Servi dei Sac. Timothei Giaccardo Vicarii Generalis Piae Societatis a Sancto Paulo Ap. | ||
| 250 | _a1a ed. | ||
| 260 | _aROMA | ||
| 260 | _bEdizioni Paoline | ||
| 260 | _c1955 [1° Ed.:1955 - Ed.Ling.Originale:1955] | ||
| 300 | _a"48 p. (prefazione: no ; testo: 48)" | ||
| 500 | _aVita del Servo di Dio Don Timoteo Giaccardo Sue virtù Eroiche di fede speranza Carità Prudenza Giustizia Fortezza Temperanza Povertà Castità Obbedienza Umiltà doni spirituali Morte Preziosa in fama di Santità grazie Ricevute | ||
| 650 | _aAUTORI/OPERE FAMIGLIA PAOLINA | ||
| 650 | _eCodice materia Spics: 9903 | ||
| 942 | _cBK | ||
| 957 | _71 | ||
| 999 |
_c76266 _d76266 |
||
| 999 | _bSI | ||
| 999 | _g1 | ||